000 00441nam a2200181Ia 4500
001 7904
005 20260306160530.0
008 260306t2004||||xx |||||||||||||| ||spa||
041 _aESP
082 _a363.728
_bC76
100 _aConam
_eAUT
245 0 _aGuía nacional para la implementación de bolsas de residuos
260 _c2004
300 _a57 páginas :
_c21 cm.
650 _aGEN
654 _aCAN
942 _cLIB
_dJUS
_fJUS
_2ddc
_n
999 _c7904
_d7904